000 01235nam a22002657a 4500
005 20170124103115.0
010 _aB-192802
020 _c350.00
_a8188093386
035 _aB-192802
037 _bCen Lib/Ret
040 _aDPL
_bHN
082 _a510.7
_bभटना
100 _aभटनागर, चन्दर
_980763
245 _aगणित शिक्षण /
_cचन्दर भटनागर [और] गोपाल प्रसाद श्रीवास्तव
246 _aGanit shikshan /
_bby Chnader Bhatnagar [aur] Gopal Prasad Shrivastava
260 _aजयपुर
_bग्रन्थ विकास
_c2006
270 _aसी-37, आदर्श नगर राजापार्क
_bजयपुर
300 _a336पृ.
_c20सेमी (सजिल्द)
650 _aगणित-- गणित का इतिहास
_980764
650 _aगणित शिक्षण के उद्देश्य
_980765
650 _aHistory of Mathematics
_980766
650 _a Purpose of teaching mathematics
_980767
700 _aश्रीवास्तव, गोपाल प्रसाद
_949420
942 _2ddc
_cHN
_h510.7
_mभटना
999 _c118540
_d118540